000 00430nam a2200169Ia 4500
005 20240827044610.0
008 240331s9999 xx 000 0 und d
020 _a9559001574
082 _bKAR
_a800
100 _aKarunaratne, R.S
245 0 _aWho's who in literature
260 _aVeyangoda
_bPrabha Publishers & Printers
_c2003
300 _a169 p .,
650 _aEnglish literature
650 _aShort Stories
942 _cL
999 _c3249
_d3249